| Tag |
First Indicator |
Second Indicator |
Subfields |
| LEADER |
00000cam a22000008a 4500 |
| 001 |
in00000981221 |
| 005 |
20150927113710.0 |
| 008 |
890725s1990 nju b s00100 eng |
| 010 |
|
|
|a 89040448
|
| 020 |
|
|
|a 087413384X (alk. paper)
|
| 035 |
|
|
|a (OCoLC)21336492
|
| 035 |
|
|
|9 AEW7234AM
|
| 040 |
|
|
|a DLC
|c DLC
|d TXA
|d UtOrBLW
|
| 049 |
|
|
|a TXAM
|
| 050 |
0 |
0 |
|a PR2643
|b .B46 1990
|
| 245 |
0 |
0 |
|a Ben Jonson's 1616 Folio /
|c edited by Jennifer Brady and W.H. Herendeen.
|
| 263 |
|
|
|a 9012
|
| 264 |
|
1 |
|a Newark :
|b University of Delaware Press ;
|a London ;
|a Cranbury, NJ :
|b Associated University Presses,
|c [1990]
|
| 264 |
|
4 |
|c ©1990
|
| 300 |
|
|
|a 221 pages :
|b illustrations
|
| 336 |
|
|
|a text
|b txt
|2 rdacontent
|
| 337 |
|
|
|a unmediated
|b n
|2 rdamedia
|
| 338 |
|
|
|a volume
|b nc
|2 rdacarrier
|
| 504 |
|
|
|a Includes bibliographical references and index.
|
| 600 |
1 |
0 |
|a Jonson, Ben,
|d 1573?-1637
|x Criticism, Textual.
|
| 600 |
1 |
0 |
|a Jonson, Ben,
|d 1573?-1637
|x Bibliography
|x Folios. 1616.
|
| 700 |
1 |
|
|a Brady, Jennifer,
|d 1952-
|
| 700 |
1 |
|
|a Herendeen, Wyman H.,
|d 1948-
|
| 999 |
|
|
|a MARS
|
| 999 |
f |
f |
|s 9582badc-a9d4-38c0-9494-d74e1518ec27
|i f6305696-698d-3d69-be05-8dbfe20edc34
|t 0
|
| 952 |
f |
f |
|p normal
|a Texas A&M University
|b College Station
|c Sterling C. Evans Library
|d Evans: Library Stacks
|t 0
|e PR2643 .B46 1990
|h Library of Congress classification
|i unmediated -- volume
|m A14814091222
|
| 998 |
f |
f |
|a PR2643 .B46 1990
|t 0
|l Evans: Library Stacks
|